Apellidos mas comunes en México - Estadísticas

Estadísticas generales
  • Esta prueba ha sido intentada 74 veces
  • La puntuación promedio es 6 de 10
Estadísticas de respuestas
Orden Apellido Numero % Correcto
1 Hernández 7'000.000
78%
4 López 5'500.000
76%
2 García 6'500.000
75%
6 Pérez 4'500.000
65%
7 Rodríguez 4'000.000
63%
5 González 5'000.000
60%
3 Martínez 6'000.000
59%
8 Sánchez 3'500.000
57%
9 Ramírez 3'000.000
37%
10 Cruz 2'500.000
13%
No se encontraron pruebas coincidentes
Distribución de puntuación
Porcentaje de gente con cada puntuación
Porcentaje por número respondido
Historial de tus puntuaciones
No has intentado esta prueba.